000 00413nam a2200145Ia 4500
008 151021s9999 xx 000 0 und d
050 _aHF 5548.32.L38 2008
245 _a_E-commerce business.technology.society.
260 _aNowYork Pearson 2008
300 _axxxv,879p.
500 _aIncludes index
500 _aIncludes index
650 _a_Electronic commerce
980 _a^d20130621 01:02:16^oanne
999 _c14263
_d14263